1619 1940 1037 1915 1292 1759 1924 1427 1093 1240 1890 1466 1026 1855 1966 1551 1981 1209 1988 1796 1639 1909 1608 1515 1139 1277 1806 1541 1673 1078 1340 1222 1120 1339 1555 1387 1689 1757 1632 1999 1026 1800 1018 1665 1737 1330 1372 1397 1984 1600 1871 1733 1284 1856 1761 1687 1130 1620 1828 1841 1027 1641 1723 1893 1774 1244 1479 1202 1465 1679 1914 1013 1853 1192 1919 1245 1203 1346 1924 1632 1730 1340 1852 1973 1602 1544 1018 1559 1191 1553 1785 1055 1684 1915 1639 1303 1422 1579 1187 BCNSPRNW ULIB Ver.6.0+V

เปลี่ยนเป็นภาษาไทย

Change to English
 แสดงรายละเอียดบรรณานุกรม
  กลับหน้าหลัก

Brief Record : Get Marc (ISO 2709) : E-mail record : QR code < ปิดหน้าต่าง
LEADER : 00000nam 2200000uu 4500
001    13399128183
003     ULIB
008    220802s2564||||th 000 0 tha d
020 ^- ^a9786163660848
050 ^- ^aนว^bด179ก
100 1^ ^aดวงตะวัน [นามแฝง]
245 ^- ^aแม่น้ำสายปรารถนา /^cดวงตะวัน
260 ^- ^aนนทบุรี :^bสำนักพิมพ์ดวงตะวัน,^c2564
300 ^- ^a509 หน้า ;^c18 ซม.
650 ^4 ^aนวนิยายไทย
945    ^p380^l0^i009275
999    ^aประนอม เกษจรัล
รายการนี้ยังไม่มีแท็ก
คุณยังไม่ได้ล็อกอิน คุณสามารถมีกิจกรรมร่วมกับเว็บไซต์ได้ แต่ต้องล็อกอินก่อน ::
  ล็อกอิน

รายการสื่อสารสนเทศ

ลำดับที่ ประเภท เลขเรียก/บาร์โค้ด สถานที่ สถานะ
1. นวนิยาย
นวนิยาย
นว ด179ก ฉ.1 
  Barcode: 009275
ห้องสมุดวิทยาเขตนครสวรรค์
►นวนิยาย:l:Fiction
บนชั้น

รายการใกล้เคียง
    ผู้แต่ง [ดวงตะวัน [นามแฝง]]

    หัวเรื่อง [นวนิยายไทย]

BibComment


ยังไม่เคยถูกคอมเมนท์

คอมเมนท์ทรัพยากรรายการนี้
  คอมเมนท์: แม่น้ำสายปรารถนา..


 Copyright 2026. Bcnsprnw @Library